Membrane Technology in the Chemical Industry

Salvato in:
Dettagli Bibliografici
Autori principali: Nunes, Suzana Pereira (Autore), Peinemann, Klaus-Viktor (Autore)
Natura: Libro
Lingua:inglese
Pubblicazione: Weinheim : Wiley-VCH, 2001
Tags: Aggiungi Tag
Nessun Tag, puoi essere il primo ad aggiungerne!!

MARC

LEADER 00000nam a22000003a 4500
001 stu73216
005 20190206124117.9
008 020114s2001----gw------------------eng-d
020 |a 3-527-28485-0 
040 |a STU  |b slo 
041 0 |a eng 
044 |a gw 
080 |a 66.021.06 
100 1 |a Nunes, Suzana Pereira  |4 aut 
245 1 |a Membrane Technology in the Chemical Industry 
260 |a Weinheim :  |b Wiley-VCH,  |c 2001 
300 |a 299 s. Obr.,tab.,grafy,lit.,index 
700 1 |a Peinemann, Klaus-Viktor  |4 aut 
996 |b C96759  |c C*96759  |l CCXVIII  |s P  |a 0  |w stu73216_0001